000
00236nam a22000857a 4500
008
160926b xxu||||| |||| 00| 0 eng d
100
_9
766
_a
Kumar.S.etal.
245
_a
English Communicative-VII
260
_a
New Delhi
_b
Frank Publications
_c
12012
999
_c
3422
_d
3422